Проблемы родителей и их решение (Запись № 520168)

Подробности
000 -МАРКЕР
контрольное поле 01621nam0a2200373 4500
001 - ИДЕНТИФИКАТОР ЗАПИСИ
контрольное поле RU\NLR\bibl\94777
005 - ИДЕНТИФИКАТОР ВЕРСИИ
контрольное поле 20260406044213.0
010 ## - МЕЖДУНАРОДНЫЙ СТАНДАРТНЫЙ НОМЕР КНИГИ (ISBN)
Номер (ISBN) 5-237-03532-9
Уточнения АСТ
010 ## - МЕЖДУНАРОДНЫЙ СТАНДАРТНЫЙ НОМЕР КНИГИ (ISBN)
Номер (ISBN) 5-271-00111-3
Тираж 10000
Уточнения АСТРЕЛЬ
021 ## - НОМЕР ГОСУДАРСТВЕННОЙ РЕГИСТРАЦИИ
Код страны Российская Федерация
Номер 2000-6499
Номер Листа государственной регистраци 322
035 ## - ДРУГИЕ СИСТЕМНЫЕ НОМЕРА
Идентификатор записи (NLR Aleph) 000092621
100 ## - ДАННЫЕ ОБЩЕЙ ОБРАБОТКИ
Данные общей обработки 20000629d1999 |||y0rusy50 ca
101 1# - ЯЗЫК РЕСУРСА
Язык текста, звукозаписи и т.д. русский
Язык оригинала английский
102 ## - СТРАНА ПУБЛИКАЦИИ ИЛИ ПРОИЗВОДСТВА
Страна публикации Российская Федерация
105 ## - ПОЛЕ КОДИРОВАННЫХ ДАННЫХ: ТЕКСТОВЫЕ МАТЕРИАЛЫ, МОНОГРАФИЧЕСКИЕ
Кодированные данные о монографическом текстовом документе y |||||||||
200 1# - ЗАГЛАВИЕ И СВЕДЕНИЯ ОБ ОТВЕТСТВЕННОСТИ
Основное заглавие Проблемы родителей и их решение
Первые сведения об ответственности Бенджамин Спок
Последующие сведения об ответственности [Пер. с англ. А.Н. Мироновского]
210 ## - ПУБЛИКАЦИЯ, РАСПРОСТРАНЕНИЕ И ДР.
Место издания, распространения и т.д. М.
Имя издателя, распространителя и т. д. АСТРЕЛЬ
Место издания, распространения и т.д. Назрань
Имя издателя, распространителя и т. д. АСТ
Дата издания, распространения и т.д. 1999
215 ## - ФИЗИЧЕСКАЯ ХАРАКТЕРИСТИКА
Специфическое обозначение материала и объем 414, [1] с.
Размеры 21
225 1# - СЕРИЯ
Основное заглавие серии Ребенок и уход за ним
225 1# - СЕРИЯ
Основное заглавие серии Мировой бестселлер!
300 ## - ОБЩИЕ ПРИМЕЧАНИЯ
Текст примечания Пер. изд.: Problems of Parents /Benjamin Spock.- Cambridge, 1962
300 ## - ОБЩИЕ ПРИМЕЧАНИЯ
Текст примечания На обороте тит. л. авт.: педиатр и педагог, д-р Спок
454 #0 - ОРИГИНАЛ (ПЕРЕВОДА)
Встроенное поле 2001#$aProblems of Prents$fBenjamin Spock
-- 210##$aCambridge$d1962
Заглавие Problems of Prents
606 0# - НАИМЕНОВАНИЕ ТЕМЫ КАК ПРЕДМЕТ
Наименование темы Дети
Формальный подзаголовок Популярная литература
Тематический подзаголовок Уход
Системный номер авторитетной/нормативной записи 1370856
Идентификатор авторитетной/нормативной записи RU\NLR\auth\66260451
606 0# - НАИМЕНОВАНИЕ ТЕМЫ КАК ПРЕДМЕТ
Наименование темы Дети
Формальный подзаголовок Популярные издания
Тематический подзаголовок Уход
Системный номер авторитетной/нормативной записи 1370856
Идентификатор авторитетной/нормативной записи RU\NLR\auth\66260451
686 ## - ИНДЕКСЫ ДРУГИХ КЛАССИФИКАЦИЙ
Индекс Р128.3я9
700 #1 - ИМЯ ЛИЦА - ПЕРВИЧНАЯ ОТВЕТСТВЕННОСТЬ
Код отношения Автор
Материалы, к которым относится поле rus
Графика поля Кириллица
Начальный элемент ввода Спок
Часть имени, кроме начального элемента ввода Б.
Даты 1903-1998
Расширение инициалов личного имени Бенджамин
Идентификатор авторитетной/нормативной записи RU\NLR\auth\774126
Системный номер авторитетной/нормативной записи 114111
801 #0 - ИСТОЧНИК ЗАПИСИ
Страна Российская Федерация
Организация NLR
Дата составления 20000629
Правила каталогизации PSBO
801 #1 - ИСТОЧНИК ЗАПИСИ
Страна Российская Федерация
Организация NLR
Дата составления 20000629
852 ## - МЕСТОНАХОЖДЕНИЕ И ШИФР ХРАНЕНИЯ
Идентификатор организации NLR
Шифр хранения (Call Number) 2000-3/5429
942 ## - ДОПОЛНИТЕЛЬНЫЕ ЭЛЕМЕНТЫ ЗАПИСИ (АБИС)
Тип экземпляра АБИС Книга
980 ## - КОЛЛЕКЦИЯ
Название коллекции Национальная библиография
Экземпляры
Тип экземпляра Дата поступления Источник поступления Стоимость Библиотека постоянного хранения Библиотека текущего хранения Место хранения Шифр хранения Штрих-код Статус экземпляра
Книга 03.06.2004 Подсобные фонды РНБ 24.60 РНБ (Московский) РНБ (Московский) Фонд общего зала литературы по биологии и медицине М1 Р128/С-730 1-224914  
Книга 29.06.2000 Обязательный экземпляр   РНБ (Московский) РНБ (Московский) Русский книжный фонд: издания с 1957 года 2000-3/5429 44930  
Книга 29.06.2000 Обязательный экземпляр   РНБ (Московский) РНБ (Московский) Русский книжный фонд: издания с 1957 года 2000-3/5429 44933  
Книга 12.02.2014 Покупка   РНБ (Садовая) РНБ (Садовая) Фонд научного зала литературы по биологии и медицине Нз Р128/С-730 1-333422